000 00962nam a2200217 a 4500
003 0
005 20250616113822.0
008 021114s19uu xx 00 eng d
050 _aPGS HD 9017.P5
_b.L358 1999
100 _aLatorre, Reyda Zuleikha Ramel.
245 _aA study on the factors affecting the profitability of cultivating ornamental plants in Laguna and Cavite /
_cReyda Zuleikha Ramel Latorre.
260 _aLas PiƱas City, Philippines :
_bSouthville International School and Colleges,
_c1999.
300 _a58 pages :
_bcolored illustrations ;
_c28 cm.
504 _aIncludes bibliographical references.
650 _aOrnamental horticulture
_vEconomic aspects
_zPhilippines.
650 _aOrnamental plants
_vCultivation
_zPhilippines
_zLaguna.
650 _aOrnamental plants
_vCultivation
_zPhilippines
_zCavite.
650 _aPlant growing
_vEconomic aspects
_vSmall-scale farming.
650 _aAgriculture
_vProfitability.
942 _2lcc
_cPASS
999 _c96133
_d96133